banner-ar

Amarna sunrise : (Record no. 63033)

MARC details
000 -الفاتح
حقل البيانات ثابتة الطول 01418cam a2200325 i 4500
005 - وقت وتاريخ اخر تعامل مع التسجيلة
رقم الضبط 20240530110620.0
008 - عناصر البيانات ثابتة الطول - معلومات عامة
حقل البيانات ثابتة الطول 140822t20142014ua ab b 001 0 eng c
020 ## - الرقم الدولى المعيارى للكتب
الرقم الدولى المعيارى للكتاب 9789774166334
040 ## - مصدر الفهرسة
وكالة النسخ EG-CaGPL
082 04 - رقم تصنيف ديوى العشرى
رقم الطبعة 21
رقم التصنيف 932
رقم المادة CC/D A
100 1# - المدخل الرئيسى - إسم شخصى
الإسم الشخصى Dodson, Aidan,
التواريخ المصاحبة للاسم 1962-
الدور author.
245 10 - بيان العنوان
العنوان Amarna sunrise :
بقية العنوان Egypt from golden age to age of heresy /
بيان المسئوليه,etc Aidan Dodson.
300 ## - الوصف المادى
التعداد xxiii, 257 pages :
تفاصيل ماديه اخرى للوعاء illustrations, maps ;
أبعاد الوعاء 24 cm
504 ## - تبصرة ببليوجرافية
تبصرة ببليوجرافية,الخ Includes bibliographical references (pages 205-241) and index.
600 00 - المدخل الاضافى بالموضوع-اسم شخصى
الإسم الشخصى Akhenaton,
العنوان والكلمات الأخرى المصاحبة للاسم King of Egypt.
650 #0 - المدخل الاضافى بالموضوع-مصطلح موضوعى
مصطلح موضوعي Pharaohs
التقسيم الفرعي الشكلي Biography.
651 #0 - المدخل الاضافى بالموضوع - اسم جغرافى
الاسم الجغرافي Egypt
التقسيم الفرعي العام History
التقسيم الفرعي الزمني Eighteenth dynasty, ca. 1570-1320 B.C.
942 ## - عناصر المدخل الإضافي( كوها)
مصدر التصنيف او مخطط الترفيف Dewey Decimal Classification
Koha [default] item type كتاب
264 #1 -
-- Cairo :
-- American University in Cairo Press,
-- 2014.
264 #4 -
-- ©2014
336 ## -
-- text
-- txt
-- rdacontent
337 ## -
-- unmediated
-- n
-- rdamedia
338 ## -
-- volume
-- nc
-- rdacarrier
856 42 - الوصول و الموقع الالكترونى
مواد محددة Publisher description
معرف المصدر الموحد http://www.loc.gov/catdir/enhancements/fy1412/2012276733-d.html
856 42 - الوصول و الموقع الالكترونى
مواد محددة Contributor biographical information
معرف المصدر الموحد http://www.loc.gov/catdir/enhancements/fy1412/2012276733-b.html
856 41 - الوصول و الموقع الالكترونى
مواد محددة Table of contents only
معرف المصدر الموحد http://www.loc.gov/catdir/enhancements/fy1412/2012276733-t.html
Holdings
حالة التراجع حالة الفقد مصدر التصنيف او خطة الترفيف حالة تلف ليس للاعارة المكان المؤقت الموقع الحالى موقع الترفيف تاريخ الاكتساب اجمالي اﻻعارات رقم الطلب الباركود تاريخ اخر مشاهدة تاريخ تفعيل السعر نوع وعاء كوها
    ddc     مكتبة القاهرة الكبرى مكتبة القاهرة الكبرى   12/18/2016   932 CC/D A 162979 12/18/2016 12/18/2016 كتاب

Powered By

EGPV